000 00226nam a22000857a 4500
008 161124b xxu||||| |||| 00| 0 eng d
100 _91394
_aMoraise.P
245 _aThe Tortose and His Friends
260 _aNew Delhi
_b BPI India
_c2011
999 _c4110
_d4110